000 00522nam a22001937a 4500
003 MPLRDC
005 20220104154952.0
008 210129b ||||| |||| 00| 0 eng d
020 _a7-5332-4069-X
082 _a859.6 GWJG v.02
100 _aJEAN BODAR
245 _a想下复活节彩蛋的小母鸡
_c梅思繁译
250 _a一版一刷
260 _a中国
_b上海人民美术出版社
_c2004
300 _b
490 _a给我讲故事系列; 2
650 _a儿童故事
942 _cBK
_o859.6 GWJG v.02
999 _c54250
_d54240